[Event "Kölner SK Dr. Lasker 1 - SVG Alsdorf 1"]
[Site "NRW-Liga - Gruppe 2 2019/2020"]
[Date "2019.10.13"]
[Round "2.3"]
[White "Minyeyevtsev, Semen"]
[Black "Nagel, Bernhard"]
[Result "1/2-1/2"]
[WhiteElo "2149"]
[BlackElo "2192"]
[PlyCount "62"]
[EventDate "2019.??.??"]
[SourceVersionDate "2020.03.16"]
[WhiteTeam "SVG Alsdorf 1"]
[BlackTeam "Kölner SK Dr. Lasker 1"]

1. e4 c5 2. Nf3 Nc6 3. d4 cxd4 4. Nxd4 e5 5. Nb5 d6 6. N1c3 a6 7. Na3 Be7 8.
Nd5 Nf6 9. Nxf6+ Bxf6 10. Nc4 O-O 11. Be3 b5 12. Nxd6 Nd4 13. Nxc8 Qxc8 14.
Bxd4 Rd8 15. Bd3 Rxd4 16. O-O Qc6 17. c3 Rd6 18. Qf3 Bd8 19. Rad1 Bb6 20. Bc2
Rf6 21. Qe2 Rg6 22. Bb3 Qf6 23. Rd7 Rf8 24. Rd3 Qh4 25. Rfd1 Rf6 26. Rf3 Qg4
27. Kf1 Rg6 28. Rg3 Qh4 29. Rxg6 hxg6 30. h3 Rd8 31. Rxd8+ Bxd8 1/2-1/2

[Event "Kölner SK Dr. Lasker 1 - SVG Alsdorf 1"]
[Site "NRW-Liga - Gruppe 2 2019/2020"]
[Date "2019.10.13"]
[Round "2.4"]
[White "Pawelzik, Malte"]
[Black "Clopes Llahi, Judit"]
[Result "1/2-1/2"]
[WhiteElo "2153"]
[BlackElo "2098"]
[Annotator "Daniel"]
[PlyCount "123"]
[EventDate "2019.??.??"]
[SourceVersionDate "2020.03.16"]
[WhiteTeam "Kölner SK Dr. Lasker 1"]
[BlackTeam "SVG Alsdorf 1"]

1. e4 c5 2. Nf3 a6 3. c3 d5 4. exd5 Nf6 5. d4 cxd4 6. c4 e6 7. dxe6 Bxe6 8.
Nxd4 Bc5 9. Be3 Ng4 10. Nxe6 Qxd1+ 11. Kxd1 Bxe3 12. fxe3 fxe6 13. Ke2 Rf8 14.
Nd2 Nc6 15. h3 Nge5 16. b3 O-O-O 17. Nf3 Rd7 18. Rd1 Rxd1 19. Kxd1 Nxf3 20.
gxf3 Rxf3 21. Ke2 Rf5 22. Bg2 h6 23. Be4 Rh5 24. Bf3 Rf5 25. Be4 Rh5 26. Bf3
Rf5 27. Rg1 g5 28. Bg4 Re5 29. Rf1 Nd4+ 30. Kd3 Nf5 31. e4 Nd6 32. Bf3 Kd7 33.
a4 Ra5 34. Kc3 Rc5 35. Kd4 b6 36. Bg4 Ke7 37. e5 Nf7 38. Rf6 Nd8 39. Rxh6 Nc6+
40. Kd3 Nxe5+ $11 41. Ke4 Nxg4 42. hxg4 a5 43. Rh8 Kd6 44. Rd8+ Kc7 45. Rg8 Kd7
46. Kd4 Kc7 47. Rf8 Kd6 48. Rb8 Kc7 49. Rg8 Kd7 50. Kc3 Re5 51. b4 axb4+ 52.
Kxb4 Kc6 53. Kc3 Ra5 54. Rg6 Kd7 55. Kb4 Re5 56. Rg7+ Kc6 57. Rg8 Kc7 58. Kc3
Ra5 59. Kb3 Re5 60. Kb4 Kc6 61. Rg7 Kd6 62. Rg8 1/2-1/2

[Event "Kölner SK Dr. Lasker 1 - SVG Alsdorf 1"]
[Site "NRW-Liga - Gruppe 2 2019/2020"]
[Date "2019.10.13"]
[Round "2.5"]
[White "Winkels, Marcel"]
[Black "Lindam, Ingo"]
[Result "0-1"]
[WhiteElo "2006"]
[BlackElo "2103"]
[PlyCount "68"]
[EventDate "2019.??.??"]
[SourceVersionDate "2020.03.16"]
[WhiteTeam "SVG Alsdorf 1"]
[BlackTeam "Kölner SK Dr. Lasker 1"]

1. e4 c5 2. Nf3 e6 3. d3 Nc6 4. g3 d5 5. Nbd2 Bd6 6. Bg2 Nge7 7. O-O O-O 8.
exd5 exd5 9. Re1 Bg4 10. h3 Bh5 11. c4 Nb4 12. cxd5 Nxd3 13. Rf1 Ne5 14. g4 Bg6
15. Nxe5 Bxe5 16. Nf3 Bd6 17. Nh4 c4 18. Nxg6 Nxg6 19. Qc2 Rc8 20. Be3 Qf6 21.
f4 Bxf4 22. Bxf4 Nxf4 23. Qf2 g5 24. h4 h6 25. Rfe1 c3 26. bxc3 Rxc3 27. Rab1
Rfc8 28. Bf1 b6 29. Rbd1 Qd6 30. Qd4 Rc2 31. Qe5 Qa3 32. Re3 Qxa2 33. Rg3 Rh2
34. hxg5 Qf2# 0-1

[Event "Kölner SK Dr. Lasker 1 - SVG Alsdorf 1"]
[Site "NRW-Liga - Gruppe 2 2019/2020"]
[Date "2019.10.13"]
[Round "2.6"]
[White "di Franco, Patrizio"]
[Black "Schettler, Juergen"]
[Result "1-0"]
[WhiteElo "2037"]
[BlackElo "1944"]
[PlyCount "47"]
[EventDate "2019.??.??"]
[SourceVersionDate "2020.03.16"]
[WhiteTeam "Kölner SK Dr. Lasker 1"]
[BlackTeam "SVG Alsdorf 1"]

1. d4 Nf6 2. c4 d6 3. Nc3 e5 4. Nf3 Nbd7 5. g3 Be7 6. Bg2 c6 7. Qc2 Qc7 8. O-O
O-O 9. b3 Re8 10. Bb2 Bf8 11. Rac1 g6 12. Rfd1 h5 13. c5 d5 14. dxe5 Ng4 15. b4
Ndxe5 16. Nd4 Bh6 17. Rf1 h4 18. Ndb5 Qe7 19. Nd6 Bxc1 20. Qxc1 Rd8 21. h3 Nf6
22. Qg5 Kg7 23. f4 Ned7 24. Nf5+ 1-0

[Event "Kölner SK Dr. Lasker 1 - SVG Alsdorf 1"]
[Site "NRW-Liga - Gruppe 2 2019/2020"]
[Date "2019.10.13"]
[Round "2.7"]
[White "Krug, Reinhard"]
[Black "Diesner, Michael"]
[Result "1/2-1/2"]
[WhiteElo "1902"]
[BlackElo "2069"]
[PlyCount "110"]
[EventDate "2019.??.??"]
[SourceVersionDate "2020.03.16"]
[WhiteTeam "SVG Alsdorf 1"]
[BlackTeam "Kölner SK Dr. Lasker 1"]

1. Nf3 c5 2. c4 Nf6 3. g3 d5 4. cxd5 Nxd5 5. Bg2 Nc6 6. O-O e5 7. d3 Be7 8. Nc3
Nc7 9. a3 O-O 10. Rb1 Be6 11. Be3 f6 12. Nd2 Qd7 13. b4 cxb4 14. axb4 Bxb4 15.
Bxc6 Qxc6 16. Rxb4 Qxc3 17. Rxb7 Qc6 18. Rxa7 Bh3 19. Ne4 Rxa7 20. Bxa7 Bxf1
21. Qxf1 Ra8 22. Qb1 h6 23. f3 Nb5 24. Be3 f5 25. Nd2 Nc3 26. Qb3+ Kh7 27. Nc4
Ra1+ 28. Kg2 Nd5 29. Bf2 Qg6 30. h4 Nf4+ 31. Kh2 Rf1 32. Qb6 Qxb6 33. Bxb6 Nxe2
34. Nxe5 f4 35. gxf4 Nxf4 36. Kg3 Nd5 37. Bd4 Rb1 38. f4 Rb4 39. Nc4 Rb3 40.
Ne5 Nb4 41. Kg4 Nxd3 42. Nf3 Rb4 43. Kf5 Ne1 44. Nxe1 Rxd4 45. h5 Rd5+ 46. Kg4
Kg8 47. Nf3 Kf7 48. Ne5+ Ke6 49. Nf3 Rd1 50. Nh4 Rd3 51. Nf5 Kf6 52. Ng3 Re3
53. Nf5 Re1 54. Nh4 Rf1 55. Nf3 Rd1 1/2-1/2

[Event "Kölner SK Dr. Lasker 1 - SVG Alsdorf 1"]
[Site "NRW-Liga - Gruppe 2 2019/2020"]
[Date "2019.10.13"]
[Round "2.8"]
[White "Glaser, Steffen"]
[Black "Roefe, Detlef"]
[Result "1-0"]
[WhiteElo "1944"]
[BlackElo "1873"]
[PlyCount "121"]
[EventDate "2019.??.??"]
[SourceVersionDate "2020.03.16"]
[WhiteTeam "Kölner SK Dr. Lasker 1"]
[BlackTeam "SVG Alsdorf 1"]

1. e4 c5 2. c3 d6 3. d4 cxd4 4. cxd4 Nf6 5. Nc3 e6 6. Nf3 Be7 7. Be2 O-O 8. O-O
Re8 9. Bf4 a6 10. a4 b6 11. Rc1 Bb7 12. Bd3 Nfd7 13. Qe2 Nf8 14. Rfd1 Ng6 15.
Bg3 Nd7 16. e5 d5 17. Rc2 Ndf8 18. Rdc1 h5 19. h3 h4 20. Bh2 Qb8 21. Qe3 Rc8
22. Ne2 Rxc2 23. Rxc2 Qd8 24. Nf4 Rc8 25. Qc1 Rxc2 26. Qxc2 Nxf4 27. Bxf4 g6
28. Nh2 Qc8 29. Qe2 Nh7 30. Qg4 Kg7 31. Bd2 Qd7 32. b3 Qd8 33. f4 Qd7 34. Nf3
b5 35. axb5 axb5 36. Nxh4 Bxh4 37. Qxh4 Bc6 38. Bb4 f6 39. Qg3 Qf7 40. h4 f5
41. h5 Kh6 42. Qxg6+ Qxg6 43. hxg6 Kxg6 44. g4 Bd7 45. Kf2 Kf7 46. Bd6 Nf8 47.
Bxf8 Kxf8 48. gxf5 exf5 49. e6 Bxe6 50. Bxb5 Ke7 51. Kf3 Kd6 52. Kg3 Kc7 53.
Bd3 Kb6 54. b4 Bd7 55. Kh4 Bb5 56. Bxf5 Be2 57. Bd7 Kc7 58. Bg4 Bd3 59. Kg5 Kb6
60. f5 Bxf5 61. Kxf5 1-0

[Event "Elberfelder SG 1 - SF Lieme 1"]
[Site "NRW-Liga - Gruppe 2 2019/2020"]
[Date "2019.10.13"]
[Round "2.1"]
[White "Wittke, Rene"]
[Black "Odendahl, Reiner"]
[Result "1-0"]
[WhiteElo "2276"]
[BlackElo "2297"]
[PlyCount "71"]
[EventDate "2019.??.??"]
[SourceVersionDate "2020.03.16"]
[WhiteTeam "SF Lieme 1"]
[BlackTeam "Elberfelder SG 1"]

1. Nf3 Nf6 2. c4 g6 3. Nc3 Bg7 4. e4 d6 5. d4 O-O 6. Be2 Nbd7 7. O-O e5 8. Be3
Re8 9. d5 Nh5 10. g3 Bf8 11. b4 Ng7 12. Nd2 f5 13. f3 Nf6 14. c5 Be7 15. Nc4
fxe4 16. fxe4 Rf8 17. Rc1 b6 18. a4 Bh3 19. Rf2 Qd7 20. a5 b5 21. Nxe5 dxe5 22.
Bxb5 Qd8 23. Be2 a6 24. Qd2 h5 25. Bh6 Ng4 26. Rxf8+ Qxf8 27. Bxg4 hxg4 28. d6
cxd6 29. c6 Qf3 30. Qf2 Ne6 31. Nd5 Bg5 32. Bxg5 Nxg5 33. c7 Kf7 34. c8=Q Rxc8
35. Qa7+ Ke6 36. Qe7# 1-0

[Event "Elberfelder SG 1 - SF Lieme 1"]
[Site "NRW-Liga - Gruppe 2 2019/2020"]
[Date "2019.10.13"]
[Round "2.2"]
[White "Hintze, Helge"]
[Black "Niermann, Tristan"]
[Result "1/2-1/2"]
[WhiteElo "2250"]
[BlackElo "2206"]
[PlyCount "46"]
[EventDate "2019.??.??"]
[SourceVersionDate "2020.03.16"]
[WhiteTeam "Elberfelder SG 1"]
[BlackTeam "SF Lieme 1"]

1. c4 Nf6 2. Nf3 c5 3. g3 b6 4. Bg2 Bb7 5. O-O e6 6. Nc3 Be7 7. d4 cxd4 8. Qxd4
d6 9. Rd1 a6 10. e4 Nbd7 11. b3 Qc8 12. Ba3 Nc5 13. e5 dxe5 14. Nxe5 Bxg2 15.
Kxg2 Qb7+ 16. Kg1 O-O 17. Qe3 Rac8 18. Qf3 Qc7 19. Ng4 Nxg4 20. Qxg4 Bf6 21.
Rac1 Rfd8 22. Ne4 Nxe4 23. Qxe4 Rd7 1/2-1/2

[Event "Elberfelder SG 1 - SF Lieme 1"]
[Site "NRW-Liga - Gruppe 2 2019/2020"]
[Date "2019.10.13"]
[Round "2.3"]
[White "Wolf, Andre"]
[Black "Volkov, Mykyta"]
[Result "1-0"]
[WhiteElo "2141"]
[BlackElo "2135"]
[PlyCount "119"]
[EventDate "2019.??.??"]
[SourceVersionDate "2020.03.16"]
[WhiteTeam "SF Lieme 1"]
[BlackTeam "Elberfelder SG 1"]

1. e4 e6 2. d4 d5 3. Bd3 dxe4 4. Bxe4 Nf6 5. Bf3 c5 6. Ne2 Nc6 7. Be3 cxd4 8.
Nxd4 Ne5 9. Nc3 Bb4 10. Ndb5 Nxf3+ 11. Qxf3 O-O 12. a3 Bxc3+ 13. Nxc3 Qc7 14.
O-O Bd7 15. Bf4 e5 16. Bg5 Bc6 17. Qg3 Ne8 18. Qd3 h6 19. Bh4 f6 20. Rad1 Qf7
21. Bg3 g5 22. f3 Nc7 23. Bf2 Ne6 24. Qc4 Rac8 25. Rd6 Rfe8 26. Qb3 a6 27. Rfd1
Kg7 28. Nd5 Rcd8 29. Ne3 Rxd6 30. Nf5+ Kf8 31. Rxd6 h5 32. Qb4 a5 33. Qxa5 Qg6
34. Qb4 Kf7 35. Rxc6 Qxf5 36. Qxb7+ Re7 37. Qb3 Rd7 38. Be3 g4 39. Kf2 gxf3 40.
gxf3 Qh3 41. Qxe6+ Qxe6 42. Rxe6 Kxe6 43. Ke2 f5 44. a4 Kd5 45. a5 Kc4 46. a6
Rd8 47. a7 Kb5 48. h4 Ka6 49. c4 Ka5 50. Bc5 Ka4 51. b4 Ra8 52. Kd3 Rd8+ 53.
Ke3 Ra8 54. f4 e4 55. Kd4 Rd8+ 56. Ke5 e3 57. Bxe3 Kxb4 58. Kxf5 Kxc4 59. Ke6
Kb5 60. Ke7 1-0

[Event "Elberfelder SG 1 - SF Lieme 1"]
[Site "NRW-Liga - Gruppe 2 2019/2020"]
[Date "2019.10.13"]
[Round "2.4"]
[White "Noetzel, Frank"]
[Black "Krallmann, Matthias"]
[Result "1/2-1/2"]
[WhiteElo "2209"]
[BlackElo "2112"]
[PlyCount "92"]
[EventDate "2019.??.??"]
[SourceVersionDate "2020.03.16"]
[WhiteTeam "Elberfelder SG 1"]
[BlackTeam "SF Lieme 1"]

1. f4 d5 2. d3 Nf6 3. Nf3 g6 4. g3 Bg7 5. Bg2 O-O 6. O-O b6 7. Ne5 Bb7 8. Nc3
Nc6 9. Nxc6 Bxc6 10. Qe1 Qd6 11. e4 dxe4 12. dxe4 e5 13. f5 b5 14. a3 a5 15.
Kh1 b4 16. Nd1 Rad8 17. Bg5 Qc5 18. c3 bxa3 19. Rxa3 Bb5 20. Rg1 a4 21. Qe3 Qc6
22. Nf2 Rfe8 23. g4 Bf8 24. Raa1 Bc5 25. Qf3 Rd6 26. Be3 Red8 27. Rgd1 Rxd1+
28. Rxd1 Rxd1+ 29. Nxd1 Bxe3 30. Nxe3 Qd6 31. Nd5 c6 32. Nxf6+ Qxf6 33. Qe3 Qd6
34. Bf3 c5 35. Kg2 f6 36. fxg6 hxg6 37. h4 Kg7 38. Kg3 Bd3 39. Kf2 Bc4 40. Ke1
Bb5 41. h5 Qd3 42. Qxd3 Bxd3 43. Kd2 Bb1 44. Kc1 Bd3 45. Kd2 Bb1 46. Kc1 Bd3
1/2-1/2

[Event "Elberfelder SG 1 - SF Lieme 1"]
[Site "NRW-Liga - Gruppe 2 2019/2020"]
[Date "2019.10.13"]
[Round "2.5"]
[White "Stork, Holger"]
[Black "Kurr, Gerd"]
[Result "1-0"]
[WhiteElo "2048"]
[BlackElo "2143"]
[Annotator "Daniel"]
[PlyCount "133"]
[EventDate "2019.??.??"]
[SourceVersionDate "2020.03.16"]
[WhiteTeam "SF Lieme 1"]
[BlackTeam "Elberfelder SG 1"]

1. e4 c6 2. d4 d5 3. e5 Bf5 4. Nf3 e6 5. Be2 Nd7 6. O-O Ne7 7. Nbd2 h6 8. Nb3
g5 9. Ne1 c5 10. Nxc5 Nxc5 11. dxc5 Nc6 12. Bd3 Nxe5 13. Bxf5 exf5 14. Nd3 Nxd3
15. Qxd3 Qd7 16. Re1+ Be7 17. Be3 O-O-O $11 18. Bd4 Rhe8 19. b4 f4 20. b5 Bf8
21. c6 bxc6 22. bxc6 Qxc6 23. Bxa7 Re4 24. Rab1 Rxe1+ 25. Rxe1 Kb7 26. Bd4 Re8
27. Rb1+ Kc8 28. h3 Re6 29. Qf5 Qd7 30. Qd3 Bd6 31. Qa6+ Kd8 32. Qa8+ Ke7 33.
Qxd5 f3 34. Qxf3 Bc7 35. Bc5+ Ke8 36. Rd1 Qb5 37. Qc3 Re5 38. Be3 Rd5 39. Re1
Be5 40. Qc8+ Rd8 41. Qg4 Kf8 42. c4 Qa5 43. Qe2 Re8 44. Rd1 Re6 45. g3 Qc3 46.
Qd3 Ra6 47. Qxc3 Bxc3 48. Rc1 Be5 49. Rc2 Ke8 50. Kg2 Kd7 51. g4 Ke6 52. Kf3 f5
53. gxf5+ Kxf5 54. c5 h5 55. c6 Bc7 56. Rc5+ Ke6 57. Rxg5 Rxa2 58. Rxh5 Rc2 59.
Rc5 Rxc5 60. Bxc5 Kd5 61. Be3 Kxc6 62. Kg4 Kd7 63. Kf5 Ke8 64. Kg6 Kf8 65. h4
Be5 66. Bg5 Kg8 67. Bf6 1-0

[Event "Elberfelder SG 1 - SF Lieme 1"]
[Site "NRW-Liga - Gruppe 2 2019/2020"]
[Date "2019.10.13"]
[Round "2.6"]
[White "Boos, Markus"]
[Black "Schaffarczyk, Andre"]
[Result "0-1"]
[WhiteElo "2206"]
[BlackElo "2045"]
[PlyCount "98"]
[EventDate "2019.??.??"]
[SourceVersionDate "2020.03.16"]
[WhiteTeam "Elberfelder SG 1"]
[BlackTeam "SF Lieme 1"]

1. d4 d5 2. c4 e6 3. g3 Nf6 4. Nf3 Be7 5. Bg2 O-O 6. O-O c6 7. Qc2 Nbd7 8. Nbd2
b6 9. e4 Bb7 10. e5 Ne8 11. cxd5 cxd5 12. Re1 Rc8 13. Qa4 Bc6 14. Qb3 Nc7 15.
Bf1 f6 16. exf6 Rxf6 17. Ng5 Nf8 18. Ndf3 Qe8 19. Ne5 Ba4 20. Qe3 h6 21. Ngf3
Bc2 22. Bd3 Bxd3 23. Qxd3 Nb5 24. h4 Nd6 25. Kg2 Ne4 26. Ng4 Rf5 27. Re2 Bd6
28. Nfe5 Bxe5 29. Nxe5 Ng6 30. Ng4 Rc6 31. f3 Nd6 32. Ne3 Rh5 33. Kg1 Qf7 34.
Ng2 Rf5 35. f4 Ne4 36. Bd2 Qc7 37. Rf1 Rf8 38. Be1 Rc1 39. Rf3 Ne7 40. g4 Nc6
41. Kh2 Rc4 42. Bc3 Ne7 43. h5 b5 44. a3 a5 45. Bd2 Nc6 46. Be3 a4 47. Kh3 Ng5+
48. Kg3 Nxf3 49. Kxf3 e5 0-1

[Event "Elberfelder SG 1 - SF Lieme 1"]
[Site "NRW-Liga - Gruppe 2 2019/2020"]
[Date "2019.10.13"]
[Round "2.7"]
[White "Karsunke, Marvin"]
[Black "Tymura, Achim"]
[Result "0-1"]
[WhiteElo "1905"]
[BlackElo "2055"]
[PlyCount "82"]
[EventDate "2019.??.??"]
[SourceVersionDate "2020.03.16"]
[WhiteTeam "SF Lieme 1"]
[BlackTeam "Elberfelder SG 1"]

1. Nf3 d6 2. d4 Nf6 3. c4 g6 4. Nc3 Bg7 5. e4 O-O 6. Be2 e5 7. O-O Nc6 8. dxe5
Nxe5 9. Nxe5 dxe5 10. Bg5 c6 11. Qxd8 Rxd8 12. Rad1 Be6 13. f3 h6 14. Be3 b6
15. Rxd8+ Rxd8 16. Rd1 Rxd1+ 17. Nxd1 Nd7 18. Kf1 Bf8 19. b3 Kg7 20. Nf2 Bc5
21. Bd2 Bd4 22. Nd3 f5 23. Nf2 Nc5 24. b4 Nb7 25. exf5 gxf5 26. f4 e4 27. Nd1
Nd6 28. Be3 c5 29. Bxd4+ cxd4 30. c5 bxc5 31. bxc5 Ne8 32. Nb2 Bxa2 33. Kf2 Nc7
34. g4 Kf6 35. Kg3 Ne6 36. c6 Bd5 37. Bb5 Nc7 38. Ba4 fxg4 39. Kxg4 e3 40. Bd1
Bxc6 41. Be2 Nd5 0-1

[Event "Elberfelder SG 1 - SF Lieme 1"]
[Site "NRW-Liga - Gruppe 2 2019/2020"]
[Date "2019.10.13"]
[Round "2.8"]
[White "Werbeck, Torsten"]
[Black "Stork, Joachim"]
[Result "1/2-1/2"]
[WhiteElo "2026"]
[BlackElo "1955"]
[PlyCount "89"]
[EventDate "2019.??.??"]
[SourceVersionDate "2020.03.16"]
[WhiteTeam "Elberfelder SG 1"]
[BlackTeam "SF Lieme 1"]

1. d4 f5 2. g3 Nf6 3. Bg2 e6 4. Nf3 Be7 5. c4 d6 6. b3 O-O 7. O-O Qe8 8. Nc3
Ne4 9. Qc2 Nxc3 10. Qxc3 Bf6 11. Bb2 Nc6 12. e3 e5 13. dxe5 dxe5 14. Rad1 e4
15. Nd4 Nxd4 16. exd4 c5 17. Qd2 cxd4 18. Bxd4 Be6 19. Bxf6 Rxf6 20. f3 exf3
21. Rxf3 Qe7 22. Re3 Re8 23. Rde1 Qc5 24. Kh1 b6 25. Re5 Qc8 26. Qe3 Kf8 27.
Qc1 Qd7 28. Qa3+ Qe7 29. Qa6 Qc7 30. Qb5 Kf7 31. Bd5 g6 32. Kg2 a6 33. Bxe6+
Rexe6 34. Qd5 Qc6 35. Rxe6 Rxe6 36. Rxe6 Qxe6 37. Qb7+ Kf6 38. Kf3 g5 39. Qxh7
Qe4+ 40. Kf2 Qc2+ 41. Ke1 Qb1+ 42. Kd2 Qxa2+ 43. Kc3 Qa1+ 44. Kc2 Qa2+ 45. Kc3
1/2-1/2

[Event "LSV Turm Lippstadt 1 - SF Gerresheim 1"]
[Site "NRW-Liga - Gruppe 2 2019/2020"]
[Date "2019.10.13"]
[Round "2.1"]
[White "Dresen, Ulrich"]
[Black "Hecht, Carsten"]
[Result "1/2-1/2"]
[WhiteElo "2195"]
[BlackElo "2301"]
[PlyCount "62"]
[EventDate "2019.??.??"]
[SourceVersionDate "2020.03.16"]
[WhiteTeam "SF Gerresheim 1"]
[BlackTeam "LSV Turm Lippstadt 1"]

1. d4 Nf6 2. Nf3 g6 3. c4 Bg7 4. Nc3 d5 5. cxd5 Nxd5 6. e4 Nxc3 7. bxc3 c5 8.
Be3 Qa5 9. Qd2 Nc6 10. Rc1 cxd4 11. cxd4 Qxd2+ 12. Kxd2 O-O 13. Bb5 f5 14. exf5
Bxf5 15. Rhd1 Rac8 16. Bxc6 bxc6 17. Rc5 Be4 18. Ke2 Rb8 19. Ra5 Rb7 20. Ne1
Bd5 21. Rc1 Rfb8 22. Rc2 Rd7 23. f3 Rb1 24. Nd3 Rdb7 25. Kd2 e6 26. h3 Bf8 27.
Nc5 Bxc5 28. Rcxc5 Rh1 29. Rc2 Ra1 30. Kc3 Rab1 31. Bf4 R1b4 1/2-1/2

[Event "LSV Turm Lippstadt 1 - SF Gerresheim 1"]
[Site "NRW-Liga - Gruppe 2 2019/2020"]
[Date "2019.10.13"]
[Round "2.2"]
[White "Wagner, Alexej"]
[Black "Liedmann, Dennis"]
[Result "1-0"]
[WhiteElo "2256"]
[BlackElo "2117"]
[PlyCount "63"]
[EventDate "2019.??.??"]
[SourceVersionDate "2020.03.16"]
[WhiteTeam "LSV Turm Lippstadt 1"]
[BlackTeam "SF Gerresheim 1"]

1. d4 d6 2. Nf3 g6 3. c4 Bg7 4. Nc3 c6 5. e4 e5 6. Be2 Nd7 7. O-O Ngf6 8. d5
Nc5 9. Qc2 a5 10. Bg5 h6 11. Be3 cxd5 12. cxd5 b6 13. Nd2 Ng4 14. Bxg4 Bxg4 15.
Nc4 O-O 16. Nb5 Qd7 17. Ncxd6 f5 18. f3 Bh5 19. Bxc5 bxc5 20. Qxc5 Ra6 21. Rac1
Rd8 22. Nc8 fxe4 23. Qc7 exf3 24. Qxd7 Rxd7 25. gxf3 Rf6 26. Kg2 Bf8 27. d6
Rdf7 28. Rc7 e4 29. d7 exf3+ 30. Kg3 Rf5 31. d8=Q Rg5+ 32. Qxg5 1-0

[Event "LSV Turm Lippstadt 1 - SF Gerresheim 1"]
[Site "NRW-Liga - Gruppe 2 2019/2020"]
[Date "2019.10.13"]
[Round "2.3"]
[White "Van Lanen, Toon"]
[Black "Grobbel, Rainer"]
[Result "0-1"]
[WhiteElo "2104"]
[BlackElo "2116"]
[Annotator "Daniel"]
[PlyCount "76"]
[EventDate "2019.??.??"]
[SourceVersionDate "2020.03.16"]
[WhiteTeam "SF Gerresheim 1"]
[BlackTeam "LSV Turm Lippstadt 1"]

1. e4 c5 2. Nc3 Nc6 3. g3 g6 4. Bg2 Bg7 5. d3 d6 6. Nge2 e6 7. O-O Nge7 8. Bg5
O-O 9. Rb1 h6 10. Be3 Nd4 11. a3 Rb8 12. b4 Kh7 13. Qd2 b6 14. bxc5 dxc5 15. f4
Bb7 $11 16. Nc1 Qd7 17. Nd1 $11 Qa4 18. c3 Nb5 19. Rb3 Rfc8 20. Qb2 Nd6 21. Rf2
Qd7 22. e5 Ndf5 23. Bxb7 Rxb7 24. c4 Nc6 25. Ne2 Na5 26. Rc3 f6 27. Qb5 fxe5
28. fxe5 Bxe5 29. Rc1 Qxd3 30. Bf4 Nd4 31. Qb2 Bg7 32. Qa2 g5 33. Be3 Nab3 34.
Rb1 Nxe2+ 35. Rxe2 Nd4 36. Bxd4 Bxd4+ 37. Nf2 Rf7 38. Rf1 Rcf8 0-1

[Event "LSV Turm Lippstadt 1 - SF Gerresheim 1"]
[Site "NRW-Liga - Gruppe 2 2019/2020"]
[Date "2019.10.13"]
[Round "2.4"]
[White "Niediek, Cedric"]
[Black "Selten, Jan"]
[Result "1/2-1/2"]
[WhiteElo "2058"]
[BlackElo "2054"]
[PlyCount "66"]
[EventDate "2019.??.??"]
[SourceVersionDate "2020.03.16"]
[WhiteTeam "LSV Turm Lippstadt 1"]
[BlackTeam "SF Gerresheim 1"]

1. e4 e6 2. d3 d5 3. Nd2 b6 4. g3 Nf6 5. Bg2 Nbd7 6. Qe2 dxe4 7. Nxe4 Nxe4 8.
Bxe4 Rb8 9. Bd2 Be7 10. O-O-O O-O 11. h4 Nf6 12. Nh3 Bb7 13. Bxb7 Rxb7 14. g4
Qd4 15. Rdg1 Nd5 16. c3 Qa4 17. Kb1 b5 18. Qe4 Qxe4 19. dxe4 Nb6 20. b3 a5 21.
g5 a4 22. h5 Ra7 23. b4 Nc4 24. Bc1 c5 25. a3 Rd7 26. Rg3 Rfd8 27. g6 fxg6 28.
hxg6 h6 29. Nf4 Rd1 30. Rxd1 Rxd1 31. Kc2 Rf1 32. Nd3 cxb4 33. cxb4 e5 1/2-1/2

[Event "LSV Turm Lippstadt 1 - SF Gerresheim 1"]
[Site "NRW-Liga - Gruppe 2 2019/2020"]
[Date "2019.10.13"]
[Round "2.5"]
[White "Koehler, Markus"]
[Black "Schulte, Tobias"]
[Result "0-1"]
[WhiteElo "2085"]
[BlackElo "1772"]
[PlyCount "138"]
[EventDate "2019.??.??"]
[SourceVersionDate "2020.03.16"]
[WhiteTeam "SF Gerresheim 1"]
[BlackTeam "LSV Turm Lippstadt 1"]

1. c4 Nf6 2. g3 e5 3. Bg2 c6 4. d4 exd4 5. Qxd4 Na6 6. Nf3 Bc5 7. Qe5+ Be7 8.
O-O O-O 9. Nc3 Re8 10. Qd4 Bc5 11. Qd3 Nb4 12. Qd2 a5 13. a3 Na6 14. Ng5 Nc7
15. Nge4 Nxe4 16. Nxe4 Bf8 17. Qd3 d5 18. cxd5 Nxd5 19. Ng5 Nf6 20. Qxd8 Rxd8
21. Be3 h6 22. Ne4 Nxe4 23. Bxe4 Be6 24. Rfd1 Bb3 25. Rxd8 Rxd8 26. Kf1 a4 27.
Rc1 Be7 28. Bc2 Bf6 29. Bxb3 axb3 30. Rb1 Rd5 31. Ke1 Kf8 32. Bd2 c5 33. a4 Ke8
34. Rc1 Bxb2 35. Rb1 Bd4 36. e3 Bf6 37. Rxb3 c4 38. Ra3 Bb2 39. Ra2 c3 40. Bxc3
Bxc3+ 41. Ke2 Kd7 42. e4 Ra5 43. Kd3 Bf6 44. Ke3 Ke6 45. e5 Rxe5+ 46. Kd3 Ra5
47. Re2+ Kd5 48. Re4 Rc5 49. Rb4 Rc3+ 50. Kd2 Kc6 51. h4 b6 52. Rf4 Ra3 53. Ke2
Be5 54. Rb4 Bc3 55. Rc4+ Kd5 56. Rf4 Bd4 57. Rxf7 Rxa4 58. f4 Ke6 59. Rb7 Kf5
60. Kf3 Ra3+ 61. Kg2 Kg4 62. Rd7 Ra2+ 63. Kf1 Bf2 64. f5 Kxg3 65. Rd3+ Kxh4 66.
Rd7 Kg4 67. f6 Kf3 68. Rd3+ Be3 69. Rd1 Rh2 0-1

[Event "LSV Turm Lippstadt 1 - SF Gerresheim 1"]
[Site "NRW-Liga - Gruppe 2 2019/2020"]
[Date "2019.10.13"]
[Round "2.6"]
[White "Fecke, Andreas"]
[Black "Sapkowski, Wieslaw"]
[Result "1/2-1/2"]
[WhiteElo "2072"]
[BlackElo "2012"]
[PlyCount "136"]
[EventDate "2019.??.??"]
[SourceVersionDate "2020.03.16"]
[WhiteTeam "LSV Turm Lippstadt 1"]
[BlackTeam "SF Gerresheim 1"]

1. e4 e5 2. Ne2 Nf6 3. f4 d6 4. Nbc3 Nc6 5. d3 Be7 6. g3 Bg4 7. Bg2 Nd4 8. O-O
Qd7 9. f5 O-O-O 10. h3 Nxe2+ 11. Nxe2 Bxe2 12. Qxe2 Kb8 13. Bg5 Ne8 14. Be3 c6
15. c4 Nc7 16. Qf2 b6 17. a4 c5 18. b4 Kb7 19. b5 Ra8 20. a5 Rhb8 21. Ra3 Ne8
22. Rfa1 Bd8 23. Qa2 f6 24. Bd2 Qf7 25. axb6 Bxb6 26. Ba5 Nc7 27. Qb2 Rd8 28.
R1a2 Qe8 29. Qa1 Rdb8 30. Bxb6 axb6 31. Ra7+ Rxa7 32. Rxa7+ Kc8 33. Qa3 Kd7 34.
Bf3 Ra8 35. Kf2 Qb8 36. Rxa8 Qxa8 37. Qb2 Qe8 38. h4 Qa8 39. g4 h6 40. Kg3 Qa5
41. Qe2 Qa1 42. Qe3 Qd4 43. Qd2 Qg1+ 44. Bg2 Qb1 45. g5 hxg5 46. hxg5 Ne8 47.
Kg4 Ke7 48. Qe3 Qc2 49. Kh3 Qd1 50. Bf3 Qf1+ 51. Kh2 Qb1 52. Be2 Qe1 53. Kh3
Kf8 54. g6 Ke7 55. Kg4 Kd8 56. Qf3 Qg1+ 57. Kh3 Qe1 58. Bf1 Qc1 59. Qf2 Qa1 60.
Bg2 Qa3 61. Qe3 Qa1 62. Qd2 Qa3 63. Bf1 Qa1 64. Kg2 Qa3 65. Be2 Qa1 66. Bd1 Qa3
67. Kf1 Qa8 68. Ke2 Qa3 1/2-1/2

[Event "LSV Turm Lippstadt 1 - SF Gerresheim 1"]
[Site "NRW-Liga - Gruppe 2 2019/2020"]
[Date "2019.10.13"]
[Round "2.7"]
[White "Riyadh, Ghassan"]
[Black "Riesner, Daniel"]
[Result "0-1"]
[WhiteElo "1772"]
[BlackElo "1866"]
[Annotator "Daniel"]
[PlyCount "114"]
[EventDate "2019.??.??"]
[SourceVersionDate "2020.03.16"]
[WhiteTeam "SF Gerresheim 1"]
[BlackTeam "LSV Turm Lippstadt 1"]

1. Nf3 Nf6 2. g3 d5 3. Bg2 g6 4. O-O Bg7 5. d4 O-O 6. c3 c6 7. Nbd2 Bf5 8. Ne5
Nbd7 9. Ndf3 Qb6 10. Qb3 $11 a5 11. Bg5 Qa6 12. Rfe1 Rfe8 13. Bf1 Qb6 14. Qxb6
Nxb6 15. b3 Ne4 16. Bd2 a4 17. Nd3 Nd7 18. Rec1 e5 19. Be1 f6 20. Nh4 Be6 21.
f3 Nd6 22. Bd2 Rec8 23. e3 Bf8 24. Nb2 a3 25. Nd3 c5 26. Nf2 b6 27. Ng2 Rc7 28.
Ne1 Rac8 29. Nc2 Ra8 30. Kg2 Bf5 31. Ne1 h5 32. h3 Bh6 33. g4 hxg4 34. hxg4 Be6
35. Nc2 Nb8 36. f4 Nc6 37. dxe5 fxe5 38. g5 Bg7 39. Be2 b5 40. Rab1 Bf5 41. Bf3
Ne7 42. Bg4 Ne4 43. Bxf5 Nxd2 44. Be6+ Kf8 45. Ra1 exf4 46. Rh1 f3+ 47. Kg3
Be5+ 48. Kg4 Ra6 49. Nxa3 Rxe6 50. Nxb5 Rb7 51. Na3 Bxc3 52. Rad1 Rb4+ 53. e4
dxe4 54. Kh3 Nf5 55. Nc2 Rb7 56. Kg4 e3 57. Rh8+ Bxh8 0-1